00531nam a2200193 a 450000100060000000300080000600500170001400800410003102000150007203500140008704000260010104100130012708200220014024500510016226000430021330000350025665000270029170000190031876778BD-RjUL20211209082902.0200119s1974 ii 000 0 eng d a0948259086 a(BD-RjUL) aBD-RjULbengcBD-RjUL1 aenghswe a821219bGHS 1974 aSelected poems /cManmohan Ghose; Lotika Ghose aNew Delhi : bSahitya Akademi, c1974  a257 s., tav. p :bill ;c22 cm aIndic poetry (English) aGhose, Lotika